| 000 | 00676nam a22002531c 4500 | ||
|---|---|---|---|
| 001 | a987674164 | ||
| 008 | 150727s2009 gw |||| 000u rus d | ||
| 020 |
_a9785948810850 _9978-5-94881-085-0 |
||
| 041 | _arus | ||
| 100 | 1 | _aTrejviš, Andrej I. | |
| 245 | 0 | 0 |
_aGorod, rajon, strana i mir : _brazvitie Rossii glazami stranoveda |
| 264 |
_aMoskva : _bNovyj chronograf, _c2009 |
||
| 300 | _a372 S. | ||
| 648 | 0 | _a1960-2007 | |
| 650 | 0 | _aAnthropogeographie | |
| 650 | 0 | _aLandesentwicklung | |
| 650 | 0 | _a | |
| 651 | 0 | _aRussland | |
| 710 | 2 | _aRAN / Inst. geografii | |
| 942 | _cMG | ||
| 040 | _cRU-10907106 | ||
| 003 | RU-10907106 | ||
| 999 |
_c11378 _d11378 |
||
| 490 | 0 | _aSocial'noe prostranstvo | |